000 00292nam a22001337a 4500
008 181017b xxu||||| |||| 00| 0 eng d
020 _a9781861770325
041 _aeng
080 _a610
100 _a3
101 _aSHM
245 _aBreakthroughs In Peractice
_cJan.f
942 _2udc
_cBK
999 _c50062
_d50062